000 00315nam a22001457a 4500
008 230418b ||||| |||| 00| 0 eng d
020 _a9780415234009
041 _aeng
080 _a159.9
082 _a159.9MAN
100 _a25
101 _aPSI
245 _aEXPLORING BORDERS
_cMANTOVANI.G
942 _2udc
_cBK
999 _c59568
_d59568